Statistics for All European football champions - 2012 to 2023

Click here to take the quiz!

General Stats

  • This quiz has been taken 1,081 times
    (80 since last reset)
  • The average score is 72 of 188

Answer Stats

HintAnswer% Correct
EnglandLiverpool
99%
GermanyFC Bayern Munchen
97%
ScotlandCeltic
96%
EnglandManchester City
96%
EnglandManchester United
96%
ItalyAC Milan
94%
EnglandChelsea
94%
ItalyInternazionale
94%
ItalyJuventus FC
94%
EnglandLeicester City
94%
ItalyNapoli
94%
FranceParis Saint-Germain
94%
ScotlandRangers
94%
SpainReal Madrid
94%
SpainAtletico de Madrid
93%
SpainFC Barcelona
93%
PortugalPorto
93%
PortugalSL Benfica
93%
FranceAS Monaco
92%
NetherlandsAFC Ajax
90%
PortugalSporting CP
90%
NetherlandsPSV Eidhoven
89%
DenmarkFC Copenhagen
88%
FranceLille OSC
88%
AustriaFC Red Bull Salzburg
86%
CroatiaGNK Dinamo Zagreb
86%
SwedenMalmö FF
86%
NetherlandsFeyenoord
85%
PolandLegia Warsaw
85%
BelgiumRoyal Antwerp FC
85%
UkraineShakhtar Donetsk
85%
SwitzerlandBSC Young Boys
83%
UkraineDynamo Kyiv
83%
RussiaFC Zenit Saint Petersburg
83%
BelgiumClub Brugge KV
81%
SerbiaRed Star Belgrade
81%
SwitzerlandBasel
78%
BelgiumR.S.C. Anderlecht
78%
GreeceAEK
76%
SwitzerlandFC Zürich
75%
FinlandHJK Helsinki
75%
BelgiumKRC Genk
74%
Czech RepublicAC Sparta Prague
72%
GreeceOlympiacos CFP
72%
BelgiumKAA Gent
69%
RussiaPFC CSKA Moscow
68%
RomaniaSteaua București
68%
RussiaSpartak Moscow
67%
Czech RepublicSK Slavia Prague
65%
AustriaFK Austria Wien
64%
LatviaRiga FC
64%
NorwayRosenborg BK
64%
SerbiaFK Partizan
63%
BosniaFK Sarajevo
63%
RomaniaCFR Cluj
60%
Czech RepublicFC Viktoria Plzeň
60%
RussiaLokomotiv Moscow
60%
NorwayMolde FK
60%
CyprusAPOEL
58%
LiechtensteinFC Vaduz
57%
HungaryFerencváros
57%
AzerbaijanQarabağ FK
57%
PolandLech Poznań
56%
SloveniaNK Maribor
56%
GreecePAOK
56%
DenmarkBrøndby IF
53%
BelarusFC Bate Borisov
53%
SloveniaNK Olimpija Ljubljana
53%
MoldovaSheriff Tiraspol
53%
BulgariaPFC Ludogorets 1945 Razgrad
50%
IrelandShamrock Rovers
50%
IrelandCork City
49%
NorwayFK Bodø/Glimt
49%
SlovakiaŠK Slovan Bratislava
49%
MaltaValletta FC
49%
GeorgiaFC Dinamo Tbilisi
46%
SwedenAIK
44%
DenmarkMidtjylland
44%
EstoniaFCI Tallinn
43%
IrelandDundalk
38%
DenmarkAaB Fodbold
36%
Faroes IslandKlaksvíkar Ítróttarfelag
36%
IcelandKR Reykjavík
36%
MontenegroOFK Titograd
36%
CroatiaHNK Rijeka
35%
LuxembourgF91 Dudelange
33%
GibraltarLincoln Red Imps
33%
HungaryDebreceni VSC
32%
Faroes IslandVíkingur Gøta
32%
CyprusOmonia
31%
WalesThe New Saints
31%
GreenlandB-67 Nuuk
29%
EstoniaFC Flora
26%
SwedenDjurgårdens IF
24%
CyprusApollon Limassol
22%
BosniaHŠK Zrinjski Mostar
22%
Northern IrelandLinfield
22%
Faroes IslandB36 Tórshavn
21%
Northern IrelandCrusaders
19%
HungaryFehérvár
19%
LithuaniaFK Žalgiris
19%
AlbaniaKF Teuta Durrës
19%
SlovakiaMŠK Žilina
19%
ArmeniaArarat-Armenia
18%
BosniaFK Borac Banja Luka
18%
ArmeniaPyunik
18%
IrelandSligo Rovers
18%
HungaryBudapest Honvéd
17%
GeorgiaDinamo Batumi
17%
EstoniaFC Levadia Tallinn
17%
AlbaniaKF Skënderbeu Korçë
17%
SlovakiaFC Spartak Trnava
15%
MontenegroFK Sutjeska Nikšić
15%
SwedenIFK Norrköping
15%
Northern IrelandLarne
15%
AzerbaijanNeftçi PFC Bakı
15%
PolandRaków Częstochowa
15%
IrelandSt Patrick's Athletic
15%
IcelandVIkingur
15%
SwedenBK Häcken
14%
RomaniaFarul Constanța
14%
SkopjeFK Vardar
14%
FinlandKuPS
14%
CyprusAris Limassol
13%
MaltaBirkirkara FC
13%
Northern IrelandCliftonville
13%
BelarusDynamo Brest
13%
LatviaFK Ventspils
13%
San MarinoTre Fiori
13%
IcelandValur
13%
AndorraFC Santa Coloma
11%
Faroes IslandHB Tórshavn
11%
AndorraInter Club d'Escaldes
11%
SloveniaNK Celje
11%
WalesConnah's Quay Nomads
10%
LatviaFK RFS
10%
LatviaFK Spartaks Jūrmala
10%
SwedenIF Elfsborg
10%
IcelandFH
8%
MontenegroFK Budućnost Podgorica
8%
AlbaniaFK Partizani Tirana
8%
BosniaFK Željezničar Sarajevo
8%
MaltaHibernians FC
8%
SloveniaNŠ Mura
8%
San MarinoSP La Fiorita
8%
San MarinoSP Tre Penne
8%
RomaniaAstra Giurgiu
7%
SlovakiaAS Trenčín
7%
AndorraAtlètic Club d'Escaldes
7%
IcelandBreidablik
7%
LuxembourgCS Fola Esch
7%
GibraltarEuropa FC
7%
LatviaFK Liepāja
7%
LithuaniaFK Sūduva
7%
MaltaĦamrun Spartans F.C.
7%
FinlandIFK Mariehamn
7%
GreenlandInuit Timersoqatigiiffiat-79
7%
BelarusShakhtyor Soligorsk
7%
NorwayStromsgodset IF
7%
RomaniaViitorul Constanța
7%
ArmeniaAlashkert
6%
LithuaniaFK Ekranas
6%
FinlandSJK Seinäjoki
6%
AlbaniaFK Kukësi
4%
SkopjeFK Rabotnički
4%
SkopjeKF Shkëndija
4%
SkopjeKF Shkupi
4%
PolandPiast Gliwice
4%
IcelandStjarnan
4%
LuxembourgSwift Hesperange
4%
GeorgiaTorpedo Kutaisi
4%
LatviaValmiera FC
4%
GeorgiaFC Dila Gori
3%
SkopjeFC Struga
3%
MoldovaMilsami Orhei
3%
EstoniaNõmme Kalju
3%
GeorgiaSaburtalo
3%
ArmeniaUrartu
3%
Faroes IslandEB / Streymur
1%
LatviaFC Daugava
1%
MaltaFloriana
1%
HungaryGyőri ETO
1%
AndorraLusitanos
1%
ArmeniaShirak
1%
San MarinoSS Folgore Falciano Calcio
1%
GeorgiaFC Samtredia
0%
MontenegroFK Rudar Pljevlja
0%
GreenlandNagdlunguaq-48
0%

Score Distribution

Percentile by Number Answered

Percent of People with Each Score

Your Score History

You have not taken this quiz since the last reset